[Event "Australian-ch 2018"]
[Site "Sydney"]
[Date "2018.01.03"]
[Round "2"]
[White "Winkelman, Albert"]
[Black "Xie, George Wendi"]
[Result "0-1"]
[WhiteElo "2017"]
[BlackElo "2369"]
[Annotator "ChessBase"]
[PlyCount "88"]
[EventDate "2018.01.02"]
[EventType "tourn"]
[EventCountry "AUS"]
[SourceTitle "playchess.com"]
[Source "ChessBase"]
[SourceQuality "1"]
[TimeControl "40/5400+30:1800+30"]

1. e4 {[%emt 0:00:00]} c5 {[%emt 0:00:39]} 2. Nf3 {[%emt 0:00:00]} Nc6 {[%emt 0:00:07]} 3. d4 {[%emt 0:00:01]} cxd4 {[%emt 0:00:04]} 4. Nxd4 {[%emt 0:00:11]} Nf6 {[%emt 0:00:03]} 5. Nc3 {[%emt 0:00:12]} e5 {[%emt 0:00:03]} 6. Ndb5 {[%emt 0:00:10]} Bb4 {[%emt 0:00:55]} 7. Bg5 {[%emt 0:12:36]} Qa5 {[%emt 0:00:33]} 8. Bxf6 {[%emt 0:01:39]} gxf6 {[%emt 0:00:16]} 9. a3 {[%emt 0:00:58]} Bxc3+ {[%emt 0:00:04]} 10. Nxc3 {[%emt 0:01:42]} Nd4 {[%emt 0:00:18]} 11. Bc4 {[%emt 0:03:06]} Qc5 {[%emt 0:13:02]} 12. Bd5 {[%emt 0:02:13]} d6 {[%emt 0:00:12]} 13. O-O {[%emt 0:00:07]} h5 {[%emt 0:00:04]} 14. Ne2 {[%emt 0:00:34]} Bg4 {[%emt 0:00:06]} 15. Re1 {[%emt 0:04:21]} Rg8 16. c3 Nxe2+ {[%emt 0:26:29]} 17. Rxe2 {[%emt 0:18:44]} Bf3 {[%emt 0:00:03]} 18. g3 {[%emt 0:03:41]} Bxe2 {[%emt 0:17:30]} 19. Qxe2 {[%emt 0:00:09]} Rg5 {[%emt 0:00:01]} 20. b4 {[%emt 0:05:36]} Qb6 {[%emt 0:00:57]} 21. Qc4 {[%emt 0:01:27]} Rg7 {[%emt 0:03:07]} 22. a4 {[%emt 0:03:43]} Rb8 {[%emt 0:00:02]} 23. Qe2 {[%emt 0:13:36]} h4 {[%emt 0:08:40]} 24. a5 {[%emt 0:03:14]} Qc7 {[%emt 0:00:02]} 25. Qe3 {[%emt 0:00:56]} hxg3 {[%emt 0:03:06]} 26. fxg3 {[%emt 0:00:16]} Ke7 {[%emt 0:02:15]} 27. c4 {[%emt 0:00:27]} a6 {[%emt 0:01:38]} 28. Rf1 {[%emt 0:00:39]} Rg6 {[%emt 0:04:51]} 29. Qa7 {[%emt 0:02:21]} Kf8 {[%emt 0:02:31]} 30. Rf5 {[%emt 0:00:43]} Rh6 {[%emt 0:00:16]} 31. Rf2 {[%emt 0:03:57]} Kg7 {[%emt 0:00:16]} 32. Rf1 {[%emt 0:03:09]} Qc8 {[%emt 0:02:58]} 33. Rf2 {[%emt 0:00:23]} Rh8 {[%emt 0:00:08]} 34. Rf5 {[%emt 0:00:36]} Qd7 {[%emt 0:02:40]} 35. Qb6 {[%emt 0:02:57]} Rbc8 {[%emt 0:01:54]} 36. Qa7 {[%emt 0:08:46]} Rh6 {[%emt 0:05:35]} 37. Rf2 {[%emt 0:00:28]} Rh5 {[%emt 0:00:58]} 38. Qb6 {[%emt 0:01:20]} Rc7 {[%emt 0:00:02]} 39. c5 {[%emt 0:01:25]} f5 {[%emt 0:00:31]} 40. exf5 {[%emt 0:01:32]} dxc5 {[%emt 0:31:24]} 41. f6+ {[%emt 0:30:08]} Kg8 {[%emt 0:03:27]} 42. bxc5 {[%emt 0:00:00]} e4 {[%emt 0:00:00]} 43. Bxe4 {[%emt 0:00:00]} Rcxc5 {[%emt 0:00:00]} 44. Qa7 {[%emt 0:00:00]} Qd1+ {[%emt 0:00:00]} 0-1

[Event "Australian-ch 2018"]
[Site "Sydney"]
[Date "2018.01.03"]
[Round "2"]
[White "Hardegen, Andrew"]
[Black "Ferozkohi, Ihsan"]
[Result "0-1"]
[WhiteElo "1999"]
[BlackElo "2130"]
[Annotator "ChessBase"]
[PlyCount "52"]
[EventDate "2018.01.02"]
[EventType "tourn"]
[EventCountry "AUS"]
[SourceTitle "playchess.com"]
[Source "ChessBase"]
[SourceQuality "1"]
[TimeControl "40/5400+30:1800+30"]

1. d4 Nf6 2. c4 e6 3. Nc3 d5 4. Nf3 Bd6 5. c5 Be7 6. Bf4 O-O 7. e3 a5 8. a3 Nc6 9. Qc2 b6 10. Nb5 bxc5 11. Bxc7 Qd7 12. dxc5 Ne4 13. Rc1 Ba6 14. Bd6 Rfc8 15. Qa4 Na7 16. Bxe7 Nxb5 17. b4 axb4 18. axb4 Qb7 19. Bh4 Nbc3 20. Qb3 Bxf1 21. Rxf1 Rxc5 22. Nd4 Rc4 23. f3 Rxb4 24. Rxc3 Rxb3 25. Rxb3 Ra1+ 26. Ke2 Qa6+ 0-1

[Event "Australian-ch 2018"]
[Site "Sydney"]
[Date "2018.01.03"]
[Round "2"]
[White "Asaka, Samuel"]
[Black "Clarke, Brandon G I"]
[Result "1-0"]
[WhiteElo "1959"]
[BlackElo "2360"]
[Annotator "ChessBase"]
[PlyCount "43"]
[EventDate "2018.01.02"]
[EventType "tourn"]
[EventCountry "AUS"]
[SourceTitle "playchess.com"]
[Source "ChessBase"]
[SourceQuality "1"]
[TimeControl "40/5400+30:1800+30"]

1. d4 Nf6 2. c4 g6 3. Nc3 Bg7 4. e4 d6 5. Be2 O-O 6. Be3 e5 7. d5 Na6 8. g4 Nc5 9. f3 a5 10. h4 Ne8 11. h5 f5 12. hxg6 hxg6 13. gxf5 gxf5 14. Nh3 Qh4+ 15. Kd2 Qe7 16. Qg1 Nf6 17. Ng5 f4 18. Bf2 Ng4 19. Nh7 Nxf2 20. Qxf2 Rf7 21. Rag1 Nd7 22. Qh2 1-0

[Event "Australian-ch 2018"]
[Site "Sydney"]
[Date "2018.01.03"]
[Round "3"]
[White "Cheng, Bobby"]
[Black "McNamara, Gary"]
[Result "1-0"]
[WhiteElo "2504"]
[BlackElo "2134"]
[Annotator "ChessBase"]
[PlyCount "51"]
[EventDate "2018.01.02"]
[EventType "tourn"]
[EventCountry "AUS"]
[SourceTitle "playchess.com"]
[Source "ChessBase"]
[SourceQuality "1"]
[TimeControl "40/5400+30:1800+30"]

1. b3 {[%emt 0:00:00]} Nf6 {[%emt 0:01:27]} 2. Bb2 {[%emt 0:00:00]} b6 {[%emt 0:01:41]} 3. d3 {[%emt 0:05:56]} d5 {[%emt 0:02:06]} 4. g3 {[%emt 0:01:59]} Bb7 {[%emt 0:03:02]} 5. Bg2 {[%emt 0:00:07]} g6 {[%emt 0:05:07]} 6. e4 {[%emt 0:06:25]} dxe4 {[%emt 0:16:42]} 7. Nd2 {[%emt 0:00:52]} Rg8 {[%emt 0:06:08]} 8. dxe4 {[%emt 0:07:11]} a5 {[%emt 0:07:03]} 9. Qe2 {[%emt 0:06:04]} a4 {[%emt 0:11:50]} 10. Ngf3 {[%emt 0:04:12]} Nfd7 {[%emt 0:05:40]} 11. O-O {[%emt 0:10:16]} Na6 {[%emt 0:11:06]} 12. Rfd1 {[%emt 0:13:11]} Qc8 {[%emt 0:09:02]} 13. Bh3 {[%emt 0:04:21]} e6 {[%emt 0:05:48]} 14. Ng5 {[%emt 0:01:09]} Bg7 {[%emt 0:04:06]} 15. Qf3 {[%emt 0:02:49]} f5 {[%emt 0:02:44]} 16. Bxg7 {[%emt 0:00:20]} Rxg7 {[%emt 0:00:16]} 17. Qc3 {[%emt 0:04:03]} Re7 {[%emt 0:00:47]} 18. exf5 {[%emt 0:12:25]} gxf5 {[%emt 0:00:12]} 19. Re1 {[%emt 0:00:54]} Nf8 {[%emt 0:02:40]} 20. Bxf5 {[%emt 0:01:32]} Nc5 {[%emt 0:01:32]} 21. b4 {[%emt 0:01:29]} exf5 {[%emt 0:00:43]} 22. Rxe7+ {[%emt 0:00:10]} Kxe7 {[%emt 0:00:12]} 23. bxc5 {[%emt 0:00:36]} bxc5 {[%emt 0:00:59]} 24. Re1+ {[%emt 0:01:54]} Kd6 {[%emt 0:00:56]} 25. Qf6+ {[%emt 0:00:15]} Kd5 {[%emt 0:00:24]} 26. c4# {[%emt 0:00:08]} 1-0

[Event "Australian-ch 2018"]
[Site "Sydney"]
[Date "2018.01.03"]
[Round "3"]
[White "Izzat, Kanan"]
[Black "Dale, Ari"]
[Result "0-1"]
[WhiteElo "2487"]
[BlackElo "2356"]
[Annotator "ChessBase"]
[PlyCount "74"]
[EventDate "2018.01.02"]
[EventType "tourn"]
[EventCountry "AUS"]
[SourceTitle "playchess.com"]
[Source "ChessBase"]
[SourceQuality "1"]
[TimeControl "40/5400+30:1800+30"]

1. d4 {[%emt 0:00:00]} Nf6 {[%emt 0:02:15]} 2. c4 {[%emt 0:00:00]} g6 {[%emt 0:00:04]} 3. Nc3 {[%emt 0:00:00]} Bg7 {[%emt 0:00:05]} 4. e4 {[%emt 0:00:00]} d6 {[%emt 0:00:09]} 5. Nf3 {[%emt 0:00:00]} O-O {[%emt 0:00:10]} 6. h3 {[%emt 0:00:00]} e5 {[%emt 0:00:22]} 7. d5 {[%emt 0:00:18]} a5 {[%emt 0:00:12]} 8. Be3 {[%emt 0:00:46]} Na6 {[%emt 0:00:51]} 9. g4 {[%emt 0:00:11]} Nc5 {[%emt 0:00:22]} 10. Nd2 {[%emt 0:00:04]} Ne8 {[%emt 0:00:48]} 11. Be2 {[%emt 0:01:30]} f5 {[%emt 0:00:05]} 12. exf5 {[%emt 0:06:05]} gxf5 {[%emt 0:00:28]} 13. Qc2 {[%emt 0:00:38]} Na6 {[%emt 0:03:04]} 14. gxf5 {[%emt 0:25:30]} Nb4 {[%emt 0:06:36]} 15. Qb1 {[%emt 0:19:51]} Bxf5 {[%emt 0:00:13]} 16. Nde4 {[%emt 0:01:04]} Nf6 {[%emt 0:11:22]} 17. Bf3 {[%emt 0:03:01]} c6 {[%emt 0:12:20]} 18. a3 {[%emt 0:02:08]} cxd5 {[%emt 0:02:05]} 19. cxd5 {[%emt 0:00:02]} Nfxd5 {[%emt 0:04:27]} 20. axb4 {[%emt 0:18:11]} Nxe3 {[%emt 0:04:26]} 21. fxe3 {[%emt 0:05:37]} d5 {[%emt 0:11:37]} 22. Nxd5 {[%emt 0:00:34]} Be6 {[%emt 0:02:52]} 23. Qd1 {[%emt 0:11:12]} Qh4+ {[%emt 0:04:56]} 24. Nf2 {[%emt 0:00:45]} e4 {[%emt 0:00:19]} 25. Nf4 {[%emt 0:00:09]} Rad8 {[%emt 0:08:03]} 26. Qc2 {[%emt 0:00:01]} Rxf4 {[%emt 0:01:18]} 27. exf4 {[%emt 0:00:02]} exf3 {[%emt 0:00:13]} 28. Rg1 {[%emt 0:01:53]} Qxf4 {[%emt 0:04:48]} 29. Qc3 {[%emt 0:00:36]} Rd4 {[%emt 0:00:13]} 30. Rxa5 {[%emt 0:02:20]} Kf7 {[%emt 0:00:57]} 31. Rxg7+ {[%emt 0:02:12]} Kxg7 {[%emt 0:00:04]} 32. Rc5 {[%emt 0:00:44]} Kg6 {[%emt 0:03:51]} 33. h4 {[%emt 0:00:28]} Bd5 {[%emt 0:01:46]} 34. h5+ {[%emt 0:00:35]} Kh6 {[%emt 0:00:35]} 35. Kf1 {[%emt 0:00:31]} b6 {[%emt 0:03:25]} 36. Nd3 {[%emt 0:00:31]} Qe3 {[%emt 0:01:41]} 37. Nc1 {[%emt 0:00:30]} Rd1+ {[%emt 0:00:07]} 0-1

[Event "Australian-ch 2018"]
[Site "Sydney"]
[Date "2018.01.03"]
[Round "3"]
[White "Ly, Moulthun"]
[Black "Smirnov, Anton"]
[Result "0-1"]
[WhiteElo "2480"]
[BlackElo "2527"]
[Annotator "TA"]
[PlyCount "122"]
[EventDate "2018.01.02"]
[EventType "tourn"]
[EventCountry "AUS"]
[SourceTitle "playchess.com"]
[Source "ChessBase"]
[SourceQuality "1"]

{[%evp 19,122,64,49,39,40,32,34,24,55,3,4,15,2,0,7,-34,-32,-19,-8,-72,-74,-97,-105,-113,-120,-110,-53,-88,0,-33,-10,-50,-39,-120,-58,-56,6,6,141,135,146,145,138,163,290,248,247,57,64,16,31,12,8,-132,-133,-117,-133,-131,-128,-227,-227,-216,-219,-227,-242,-230,-215,-197,-148,-148,-148,-148,-148,-148,-148,-148,-47,-148,-148,-295,-300,-304,-159,-178,-148,-148,-148,-148,-148,-317,-148,-148,-148,-148,-132,-4494,-1439,-4926,-4914,-3182,-3182,-4618,-4610,-29980,-29981]} 1. e4 c5 2. Nf3 d6 3. d4 cxd4 4. Nxd4 Nf6 5. Nc3 a6 6. Be2 e5 7. Nf3 Be7 8. Bg5 Nbd7 9. a4 {B92: Sicilian Najdorf: 6 Be2} b6 10. Nd2 h6 {LiveBook: 5 Games} 11. Bxf6 {White is slightly better.} Nxf6 12. Nc4 Bb7 13. a5 {[#]} bxa5 $146 ({Predecessor:} 13... b5 14. Nb6 Nxe4 15. Nxe4 Bxe4 16. Bf3 Bxf3 17. Qxf3 {1-0 (39) Carlsen,M (2832)-Vachier Lagrave,M (2796) Paris 2017}) 14. Nxa5 (14. Qd3 $14) 14... Bxe4 $11 15. Nxe4 Nxe4 16. Bf3 d5 17. O-O Nf6 $1 18. c4 {[%cal Rc4d5]} e4 19. Bg4 (19. Qa4+ $11 Kf8 20. Bd1) 19... d4 $17 (19... Nxg4 $6 20. Qxg4 Bf6 21. Rfd1 $11) 20. Qa4+ Kf8 21. Nc6 Qc7 22. Bh3 g5 ({Black should play} 22... d3 $17 {...Bd6 is the strong threat.} 23. Nxe7 Qxe7) 23. g3 h5 (23... d3 $17) 24. Bg2 h4 25. Nxe7 Qxe7 (25... Kxe7 $6 26. Rfe1 $14) 26. Qc6 (26. Rfe1 $15) 26... Kg7 (26... Rb8 $17 27. Rxa6 Kg7) 27. Ra5 $15 Rhc8 (27... Rac8 $1 $15 28. Qxa6 Rc5) 28. Qb6 $1 $11 Qd8 (28... h3 $11 29. Bxh3 g4) 29. Qb4 $1 $16 ({Much worse is} 29. Rxg5+ $6 Kh6 $11) 29... Rab8 30. Qd2 Nh7 31. Rd5 Qf6 (31... Qe7 $142) 32. Bxe4 $18 Rd8 33. Ra5 $2 (33. Rf5 $1 $18 {[%cal Rf5f6]} Qe6 34. Re1) 33... d3 $1 $14 34. b4 Rd4 $1 {[%cal Rd4e4]} 35. Rf5 Qe6 $1 {[%cal Re6e4]} 36. Qb2 (36. Qc3 $11 {remains equal.} Qxc4 37. Qxc4 Rxc4 38. Bxd3 Rcxb4 39. Bxa6) 36... Qxc4 $17 ({But not} 36... Qxe4 $6 37. Rd5 $11) 37. Bd5 Qxb4 38. Rxf7+ Kg6 $1 39. Qa1 (39. Rc1 $17 Qe1+ 40. Rxe1 Rxb2 41. Rd7) 39... Nf6 $1 $19 {[%cal Rf6d5]} ({Not} 39... Rxd5 40. Qg7+ Kh5 41. Qxh7+ Kg4 42. Kg2 Qe4+ 43. Qxe4+ Kh5 44. Rh7#) 40. Ba2 Qb2 41. Ra7 Qxa1 42. Rxa1 Rb6 43. Bf7+ Kh6 44. R7xa6 Rxa6 45. Rxa6 $17 {[%mdl 4096] Endgame KRB-KRN} d2 46. Bb3 d1=Q+ 47. Bxd1 Rxd1+ {KRN-KR} 48. Kg2 Kg6 $1 49. f3 (49. Ra4 $17 {was necessary.}) 49... Rd2+ $19 50. Kh3 Rd3 ({Better is} 50... Rf2 $1 $19 {[%cal Rf2f3]} 51. Ra3 Rxf3 $1 {[%mdl 512]}) 51. Kg2 $17 {[#]} h3+ $1 52. Kxh3 Rxf3 {White must now prevent ...Rf2.} 53. Kg2 Rd3 54. h3 $2 (54. g4 $17) 54... Kf5 (54... Rd2+ $1 $19 {is more deadly.} 55. Kf1 Rd5) 55. Ra5+ Nd5 56. Kf2 Ke5 57. Ra4 $2 {[%mdl 8192] [#]} (57. Ra8 $17) 57... Nc3 $1 $19 {[%cal Rc3a4]} 58. Ra5+ {[#]} Kd4 $1 59. Kg2 Ne4 60. Ra4+ Ke3 61. Ra2 Rd2+ {Precision: White = 35%, Black = 54%.} 0-1

[Event "Australian-ch 2018"]
[Site "Sydney"]
[Date "2018.01.03"]
[Round "3"]
[White "Morris, James"]
[Black "Illingworth, Max"]
[Result "0-1"]
[WhiteElo "2477"]
[BlackElo "2494"]
[Annotator "ChessBase"]
[PlyCount "88"]
[EventDate "2018.01.02"]
[EventType "tourn"]
[EventCountry "AUS"]
[SourceTitle "playchess.com"]
[Source "ChessBase"]
[SourceQuality "1"]
[TimeControl "40/5400+30:1800+30"]

1. e4 {[%emt 0:00:00]} c5 {[%emt 0:00:06]} 2. Nf3 {[%emt 0:00:53]} d6 {[%emt 0:00:05]} 3. d4 {[%emt 0:00:40]} cxd4 {[%emt 0:00:05]} 4. Nxd4 {[%emt 0:00:04]} Nf6 {[%emt 0:00:06]} 5. Nc3 {[%emt 0:00:04]} a6 {[%emt 0:00:02]} 6. g3 {[%emt 0:00:09]} g6 {[%emt 0:00:17]} 7. Bg2 {[%emt 0:00:08]} Bg7 {[%emt 0:00:05]} 8. O-O {[%emt 0:00:04]} O-O {[%emt 0:00:06]} 9. Re1 {[%emt 0:00:14]} Nc6 {[%emt 0:04:57]} 10. Nde2 {[%emt 0:11:13]} Rb8 {[%emt 0:05:19]} 11. Nf4 {[%emt 0:19:10]} b5 {[%emt 0:00:43]} 12. Ncd5 {[%emt 0:05:30]} Nd7 {[%emt 0:00:44]} 13. c3 {[%emt 0:03:26]} e6 {[%emt 0:02:12]} 14. Ne3 {[%emt 0:02:55]} Qc7 {[%emt 0:00:19]} 15. Bd2 {[%emt 0:04:01]} a5 {[%emt 0:05:36]} 16. Rc1 {[%emt 0:01:51]} Ba6 {[%emt 0:01:21]} 17. h4 {[%emt 0:18:43]} Nce5 {[%emt 0:05:10]} 18. Bf1 {[%emt 0:01:37]} Nc5 {[%emt 0:05:10]} 19. f3 {[%emt 0:07:37]} Qa7 20. Qe2 b4 {[%emt 0:01:40]} 21. Qf2 {[%emt 0:03:23]} Bxf1 {[%emt 0:03:54]} 22. Qxf1 {[%emt 0:00:58]} bxc3 {[%emt 0:01:57]} 23. Bxc3 {[%emt 0:00:59]} Na4 {[%emt 0:01:14]} 24. Qf2 {[%emt 0:02:11]} Nxb2 {[%emt 0:06:15]} 25. Qe2 {[%emt 0:02:13]} Nbc4 26. Bxe5 {[%emt 0:00:07]} Nxe5 {[%emt 0:00:46]} 27. Kg2 {[%emt 0:07:07]} Rfc8 28. a4 {[%emt 0:03:36]} Nc6 {[%emt 0:06:47]} 29. Qd3 Nd4 {[%emt 0:02:06]} 30. Ne2 {[%emt 0:00:58]} h5 {[%emt 0:04:28]} 31. Nxd4 {[%emt 0:04:30]} Bxd4 {[%emt 0:02:25]} 32. Nc4 {[%emt 0:00:33]} d5 {[%emt 0:02:35]} 33. exd5 {[%emt 0:00:49]} exd5 {[%emt 0:00:05]} 34. Na3 {[%emt 0:00:06]} Rb2+ {[%emt 0:01:01]} 35. Rc2 Rc3 {[%emt 0:02:45]} 36. Qd2 {[%emt 0:00:58]} Rcxc2 {[%emt 0:00:34]} 37. Nxc2 {[%emt 0:00:02]} Qc5 {[%emt 0:01:47]} 38. Re2 {[%emt 0:00:13]} Qc4 39. Kf1 {[%emt 0:01:53]} Bc3 {[%emt 0:01:31]} 40. Qd1 {[%emt 0:00:32]} Qxa4 41. Qd3 {[%emt 0:30:06]} Bg7 {[%emt 0:33:21]} 42. Ne3 {[%emt 0:00:00]} Qa1+ {[%emt 0:00:00]} 43. Re1 {[%emt 0:00:00]} Qa2 {[%emt 0:00:00]} 44. Qxd5 {[%emt 0:00:00]} Rf2+ {[%emt 0:00:00]} 0-1

[Event "Australian-ch 2018"]
[Site "Sydney"]
[Date "2018.01.03"]
[Round "3"]
[White "Xie, George Wendi"]
[Black "Zhang, Jilin"]
[Result "1-0"]
[WhiteElo "2369"]
[BlackElo "2267"]
[Annotator "ChessBase"]
[PlyCount "87"]
[EventDate "2018.01.02"]
[EventType "tourn"]
[EventCountry "AUS"]
[SourceTitle "playchess.com"]
[Source "ChessBase"]
[SourceQuality "1"]
[TimeControl "40/5400+30:1800+30"]

1. e4 {[%emt 0:00:00]} c5 {[%emt 0:00:19]} 2. Nc3 {[%emt 0:00:00]} Nc6 {[%emt 0:03:29]} 3. Bb5 {[%emt 0:00:00]} g6 {[%emt 0:01:22]} 4. Bxc6 {[%emt 0:00:00]} dxc6 {[%emt 0:00:11]} 5. d3 {[%emt 0:00:00]} Bg7 {[%emt 0:01:56]} 6. Be3 {[%emt 0:00:22]} b6 {[%emt 0:00:30]} 7. Qd2 {[%emt 0:00:03]} e5 {[%emt 0:06:11]} 8. f4 {[%emt 0:00:07]} exf4 {[%emt 0:13:27]} 9. Bxf4 {[%emt 0:00:08]} Nf6 {[%emt 0:00:16]} 10. Nf3 {[%emt 0:05:40]} O-O {[%emt 0:01:39]} 11. Bh6 {[%emt 0:00:04]} Qe7 {[%emt 0:04:16]} 12. O-O-O {[%emt 0:09:31]} Be6 {[%emt 0:02:44]} 13. h3 {[%emt 0:01:19]} b5 {[%emt 0:04:02]} 14. e5 {[%emt 0:02:31]} Nd7 {[%emt 0:10:17]} 15. Bxg7 {[%emt 0:06:29]} Kxg7 {[%emt 0:00:05]} 16. d4 {[%emt 0:02:58]} Rad8 {[%emt 0:05:21]} 17. Ne4 {[%emt 0:04:23]} cxd4 {[%emt 0:14:10]} 18. Qxd4 {[%emt 0:00:10]} Nb6 {[%emt 0:01:04]} 19. Nd6 {[%emt 0:00:10]} Nc4 {[%emt 0:02:14]} 20. b3 {[%emt 0:06:34]} Nxd6 {[%emt 0:02:19]} 21. exd6+ {[%emt 0:00:05]} Qf6 {[%emt 0:00:02]} 22. Ne5 {[%emt 0:00:04]} Bd5 {[%emt 0:01:03]} 23. Rhf1 {[%emt 0:01:34]} Qg5+ {[%emt 0:00:08]} 24. Kb1 {[%emt 0:02:30]} f6 {[%emt 0:00:33]} 25. Qxa7+ {[%emt 0:07:03]} Kg8 {[%emt 0:00:05]} 26. Ng4 {[%emt 0:00:08]} Rxd6 {[%emt 0:05:17]} 27. Rfe1 {[%emt 0:01:37]} Re6 {[%emt 0:05:02]} 28. Qd7 {[%emt 0:01:00]} Rxe1 {[%emt 0:03:37]} 29. Rxe1 {[%emt 0:00:02]} h5 {[%emt 0:00:13]} 30. Re7 {[%emt 0:01:04]} Bf7 {[%emt 0:00:32]} 31. Nf2 {[%emt 0:03:45]} Qxg2 {[%emt 0:06:32]} 32. Ne4 {[%emt 0:00:06]} Qf1+ {[%emt 0:00:18]} 33. Kb2 {[%emt 0:00:03]} Qf5 {[%emt 0:00:35]} 34. Qxc6 {[%emt 0:03:32]} b4 {[%emt 0:03:14]} 35. Qb7 {[%emt 0:02:01]} Qf4 {[%emt 0:01:47]} 36. Qxb4 {[%emt 0:03:33]} Bd5 {[%emt 0:00:55]} 37. Qd4 {[%emt 0:01:34]} Bxe4 {[%emt 0:00:08]} 38. Qc4+ {[%emt 0:04:02]} Kh8 {[%emt 0:00:21]} 39. Rxe4 {[%emt 0:00:04]} Qd6 {[%emt 0:00:15]} 40. a4 {[%emt 0:00:36]} Kg7 {[%emt 0:32:54]} 41. a5 {[%emt 0:30:25]} f5 {[%emt 0:00:00]} 42. Re6 {[%emt 0:00:00]} Qd7 {[%emt 0:00:00]} 43. a6 {[%emt 0:00:00]} Rf7 {[%emt 0:00:00]} 44. Rb6 {[%emt 0:00:00]} 1-0

[Event "Australian-ch 2018"]
[Site "Sydney"]
[Date "2018.01.03"]
[Round "3"]
[White "O'Connell, Kevin J"]
[Black "Clarke, Brandon G I"]
[Result "0-1"]
[WhiteElo "2328"]
[BlackElo "2360"]
[Annotator "ChessBase"]
[PlyCount "84"]
[EventDate "2018.01.02"]
[EventType "tourn"]
[EventCountry "AUS"]
[SourceTitle "playchess.com"]
[Source "ChessBase"]
[SourceQuality "1"]
[TimeControl "40/5400+30:1800+30"]

1. d4 Nf6 2. Nf3 g6 3. Bf4 Bg7 4. e3 c5 5. c3 b6 6. h3 Bb7 7. Be2 O-O 8. O-O d5 9. Qb3 Nfd7 10. a4 Nc6 11. a5 c4 12. Qb5 a6 13. Qxd5 Nxa5 14. Qg5 Nb3 15. Ra3 b5 16. Nbd2 h6 17. Qg3 Nxd2 18. Nxd2 e5 19. dxe5 g5 20. Bf3 Bxf3 21. Nxf3 gxf4 22. exf4 Nc5 23. Nd4 Kh7 24. Nf5 Rg8 25. Qf3 Qd3 26. Qh5 Qd7 27. Nd6 Raf8 28. Rd1 Qe6 29. Qe2 f6 30. Qe3 Na4 31. Qe4+ f5 32. Qe2 Rd8 33. Qc2 Bf8 34. g4 Bxd6 35. exd6 Kh8 36. f3 fxg4 37. fxg4 Rxg4+ 38. hxg4 Qxg4+ 39. Kh2 Qh5+ 40. Kg2 Rg8+ 41. Kf1 Qf3+ 42. Ke1 Re8+ 0-1

[Event "Australian-ch 2018"]
[Site "Sydney"]
[Date "2018.01.03"]
[Round "3"]
[White "Brown, Andrew"]
[Black "Loh, Zachary"]
[Result "0-1"]
[WhiteElo "2293"]
[BlackElo "2193"]
[Annotator "ChessBase"]
[PlyCount "58"]
[EventDate "2018.01.02"]
[EventType "tourn"]
[EventCountry "AUS"]
[SourceTitle "playchess.com"]
[Source "ChessBase"]
[SourceQuality "1"]
[TimeControl "40/5400+30:1800+30"]

1. Nf3 Nf6 2. c4 g6 3. Nc3 Bg7 4. e4 d6 5. d4 O-O 6. Be2 c5 7. d5 e6 8. h3 exd5 9. exd5 Re8 10. O-O a6 11. Bf4 Bf5 12. Nd2 Ne4 13. Ndxe4 Bxe4 14. Re1 Bf5 15. g4 g5 16. gxf5 gxf4 17. f6 Bxf6 18. Bd3 Rxe1+ 19. Qxe1 Bxc3 20. bxc3 Nd7 21. Qb1 Ne5 22. Bxh7+ Kh8 23. Bf5 Qg5+ 24. Kh1 f3 25. Bg4 Nxg4 26. Qg1 f5 27. hxg4 Kg7 28. Qg3 Rh8+ 29. Kg1 Rh4 0-1

[Event "Australian-ch 2018"]
[Site "Sydney"]
[Date "2018.01.03"]
[Round "3"]
[White "Guichard, Pauline"]
[Black "Willathgamuwa, Kevin"]
[Result "1/2-1/2"]
[WhiteElo "2269"]
[BlackElo "2113"]
[Annotator "ChessBase"]
[PlyCount "104"]
[EventDate "2018.01.02"]
[EventType "tourn"]
[EventCountry "AUS"]
[SourceTitle "playchess.com"]
[Source "ChessBase"]
[SourceQuality "1"]
[TimeControl "40/5400+30:1800+30"]

1. d4 d5 2. Bf4 Nf6 3. e3 e6 4. Nf3 c5 5. Nbd2 Nc6 6. c3 Bd6 7. Bg3 O-O 8. Bd3 b6 9. Qe2 Qc7 10. e4 dxe4 11. Nxe4 Nxe4 12. Bxe4 h6 13. dxc5 Bxg3 14. hxg3 bxc5 15. Qb5 Bb7 16. Qxc5 Rfc8 17. O-O Rab8 18. b3 a5 19. Rfd1 a4 20. b4 Ne7 21. Qxc7 Rxc7 22. Bxb7 Rbxb7 23. Rd8+ Kh7 24. Ra8 Nd5 25. a3 Nxc3 26. Kf1 Ra7 27. Rxa7 Rxa7 28. Nd4 Rd7 29. Rc1 Ne4 30. Ne2 Rd3 31. f3 Nf6 32. Ra1 Nd5 33. Kf2 Rd2 34. Ke1 Rb2 35. Rc1 Rb3 36. Nf4 Rxa3 37. Nxd5 exd5 38. Rb1 Rc3 39. Kd2 Rc4 40. b5 a3 41. b6 a2 42. Ra1 Rb4 43. Rxa2 Rxb6 44. Kc3 Rg6 45. g4 Rg5 46. Kd4 Kg6 47. Ra6+ f6 48. Ra5 Re5 49. Rxd5 Re2 50. g3 Rg2 51. Ke3 Ra2 52. Rd2 Ra3+ 1/2-1/2

[Event "Australian-ch 2018"]
[Site "Sydney"]
[Date "2018.01.03"]
[Round "3"]
[White "Kargosha, Bahman"]
[Black "Wright, Neil S"]
[Result "1-0"]
[WhiteElo "2210"]
[BlackElo "2126"]
[Annotator "ChessBase"]
[PlyCount "99"]
[EventDate "2018.01.02"]
[EventType "tourn"]
[EventCountry "AUS"]
[SourceTitle "playchess.com"]
[Source "ChessBase"]
[SourceQuality "1"]
[TimeControl "40/5400+30:1800+30"]

1. d4 Nf6 2. c4 c5 3. d5 b5 4. Nf3 g6 5. Qc2 Bg7 6. e4 O-O 7. cxb5 a6 8. Nc3 Ne8 9. a4 Nd6 10. Ra3 Bb7 11. Bf4 axb5 12. Bxb5 Nxb5 13. Nxb5 Na6 14. O-O f5 15. Be5 Nb4 16. Qxc5 fxe4 17. Bxg7 Kxg7 18. Qd4+ Rf6 19. Qxe4 Nxd5 20. Nfd4 Qb6 21. Rfa1 Raf8 22. Nf3 Nf4 23. Qxe7+ R8f7 24. Qe3 Qa5 25. Qa7 Ne2+ 26. Kf1 Ba6 27. Qc5 d6 28. b4 Qd8 29. Qc2 Nf4 30. Re1 Qa8 31. Ree3 Qd5 32. Kg1 g5 33. Ne1 Bb7 34. f3 g4 35. Nc7 Qd4 36. Ne8+ Kh6 37. Nxf6 Rxf6 38. Kf1 Qxb4 39. Qc3 Ba6+ 40. Kf2 Nd5 41. Qxb4 Nxb4 42. Re4 Nd5 43. Rxg4 Nf4 44. Rb3 Bc8 45. Rh4+ Kg6 46. Rb4 Nd5 47. Rb8 Ba6 48. Rd4 Nc3 49. Rb6 Bc8 50. Rc6 1-0

[Event "Australian-ch 2018"]
[Site "Sydney"]
[Date "2018.01.03"]
[Round "3"]
[White "Kethro, Michael"]
[Black "Hardegen, Andrew"]
[Result "1/2-1/2"]
[WhiteElo "2195"]
[BlackElo "1999"]
[Annotator "ChessBase"]
[PlyCount "50"]
[EventDate "2018.01.02"]
[EventType "tourn"]
[EventCountry "AUS"]
[SourceTitle "playchess.com"]
[Source "ChessBase"]
[SourceQuality "1"]
[TimeControl "40/5400+30:1800+30"]

1. d4 d5 2. c4 c6 3. Nf3 Nf6 4. Nc3 a6 5. e3 b5 6. b3 Bg4 7. Be2 e6 8. O-O Nbd7 9. h3 Bh5 10. Bb2 Qb8 11. cxd5 cxd5 12. Ne5 Bxe2 13. Nxe2 Bd6 14. Nxd7 Nxd7 15. Nc1 O-O 16. Nd3 Ra7 17. Rc1 Rc8 18. Qd2 Rxc1 19. Rxc1 Rc7 20. Rxc7 Qxc7 21. Qc3 Qxc3 22. Bxc3 f6 23. Kf1 Kf7 24. Ke2 Nb8 25. f3 Nc6 1/2-1/2